[Event "Mittelfranken-chTB1 1819"]
[Site "Mittelfranken"]
[Date "2019.03.31"]
[Round "8.1"]
[White "Bayer, Marius"]
[Black "Poelsterl, Hans"]
[Result "1/2-1/2"]
[WhiteElo "1935"]
[BlackElo "1855"]
[PlyCount "115"]
[EventDate "2018.10.14"]
[EventType "team-tourn"]
[EventRounds "9"]
[EventCountry "GER"]
[SourceTitle "EXT 2022"]
[Source "ChessBase"]
[SourceDate "2021.10.06"]
[SourceVersion "1"]
[SourceVersionDate "2021.10.06"]
[SourceQuality "1"]
[WhiteTeam "Lauf SV"]
[BlackTeam "Erlangen Siemens"]
[WhiteTeamCountry "GER"]
[BlackTeamCountry "GER"]

1. d4 Nf6 2. c4 d6 3. Nc3 g6 4. e4 Bg7 5. Nf3 0-0 6. Be2 Bg4 7. Be3 Nc6 8. h3 Bxf3 9. Bxf3 e5 10. d5 Nd4 11. h4 c5 12. h5 a6 13. h6 Bh8 14. Qd2 Rb8 15. Ne2 b5 16. cxb5 axb5 17. Bg5 b4 18. Nxd4 exd4 19. 0-0 Qc7 20. Rfe1 Nd7 21. a3 Ne5 22. Be2 bxa3 23. Rxa3 d3 24. Bxd3 Rxb2 25. Qc1 c4 26. Bf1 Qc5 27. Rae3 Ng4 28. Qxc4 Qxc4 29. Bxc4 Nxe3 30. Rxe3 Bd4 31. Rf3 f6 32. Bf4 Rb1+ 33. Kh2 Be5 34. Kg3 Rh1 35. Bb5 Rxh6 36. Bd7 Rh1 37. Bxe5 fxe5 38. Be6+ Kg7 39. Rc3 Rd8 40. Rc7+ Kf6 41. Rf7+ Kg5 42. Bh3 h5 43. Rh7 Rb8 44. f3 Rb2 45. Rh8 Kf6 46. Rd8 Rb6 47. Kh4 Ra1 48. Re8 Ra7 49. Re6+ Kg7 50. Kg5 Kh7 51. Rxg6 Rg7 52. Rxg7+ Kxg7 53. Kxh5 Kf6 54. Bf5 Rb2 55. g3 Rh2+ 56. Kg4 Rh1 57. f4 exf4 58. gxf4 1/2-1/2

[Event "Mittelfranken-chTB2a 1617"]
[Site "Mittelfranken"]
[Date "2017.03.26"]
[Round "8.5"]
[White "Truempelmann, Jochen"]
[Black "Poelsterl, Hans"]
[Result "1/2-1/2"]
[WhiteElo "1856"]
[BlackElo "1903"]
[PlyCount "53"]
[EventDate "2016.10.23"]
[EventType "team-tourn"]
[EventRounds "9"]
[EventCountry "GER"]
[SourceTitle "EXT 2022"]
[Source "ChessBase"]
[SourceDate "2021.10.06"]
[SourceVersion "1"]
[SourceVersionDate "2021.10.06"]
[SourceQuality "1"]
[WhiteTeam "Cadolzburg"]
[BlackTeam "Erlangen Siemens"]
[WhiteTeamCountry "GER"]
[BlackTeamCountry "GER"]

1. e4 c6 2. d4 d6 3. Bd3 g6 4. Ne2 Bg7 5. c3 Nf6 6. 0-0 e5 7. f4 0-0 8. fxe5 dxe5 9. Bg5 h6 10. Bh4 g5 11. dxe5 Ng4 12. Bf2 Nxf2 13. Rxf2 Nd7 14. Ng3 Nxe5 15. Be2 Qxd1+ 16. Bxd1 Be6 17. Nf5 Rad8 18. Bb3 Nd3 19. Rd2 Nc5 20. Bc2 Rxd2 21. Nxd2 Rd8 22. Nf3 Bxf5 23. exf5 g4 24. Ne1 a5 25. Rd1 Rxd1 26. Bxd1 h5 27. Bc2 1/2-1/2

[Event "Mittelfranken-chTB2a 1617"]
[Site "Mittelfranken"]
[Date "2017.03.05"]
[Round "7.4"]
[White "Roth, Hubert"]
[Black "Poelsterl, Hans"]
[Result "0-1"]
[WhiteElo "1785"]
[BlackElo "1903"]
[PlyCount "82"]
[EventDate "2016.10.23"]
[EventType "team-tourn"]
[EventRounds "9"]
[EventCountry "GER"]
[SourceTitle "EXT 2022"]
[Source "ChessBase"]
[SourceDate "2021.10.06"]
[SourceVersion "1"]
[SourceVersionDate "2021.10.06"]
[SourceQuality "1"]
[WhiteTeam "Rothenburg II"]
[BlackTeam "Erlangen Siemens"]
[WhiteTeamCountry "GER"]
[BlackTeamCountry "GER"]

1. e4 c6 2. d4 d5 3. e5 Bf5 4. Nc3 e6 5. g4 Bg6 6. Nge2 h6 7. h4 c5 8. Be3 Nc6 9. dxc5 Nxe5 10. Nd4 Nc6 11. Bb5 Nge7 12. Bf4 h5 13. f3 Qd7 14. Qe2 hxg4 15. fxg4 Ng8 16. 0-0-0 Nf6 17. h5 Be4 18. g5 Bxh1 19. gxf6 gxf6 20. Rxh1 Bxc5 21. Nb3 Be7 22. Na4 e5 23. Bg3 Qf5 24. Bxc6+ bxc6 25. Be1 Qf4+ 26. Bd2 Qxa4 27. Qg2 Qe4 28. Qh3 f5 29. Re1 Qg4 30. Qc3 Kd7 31. Qxe5 Bd6 32. Qf6 Qxh5 33. Bg5 Kc7 34. Re7+ Bxe7 35. Qxe7+ Kc8 36. Nc5 Qh1+ 37. Kd2 Qg2+ 38. Kc3 Rh3+ 39. Kb4 a5+ 40. Ka4 Qg4+ 41. Ne4 Qxe4+ 0-1

[Event "Mittelfranken-chTB2a 1617"]
[Site "Mittelfranken"]
[Date "2017.01.22"]
[Round "5.4"]
[White "Poelsterl, Hans"]
[Black "Rausch, Wolfgang1111"]
[Result "1/2-1/2"]
[WhiteElo "1903"]
[BlackElo "1789"]
[PlyCount "82"]
[EventDate "2016.10.23"]
[EventType "team-tourn"]
[EventRounds "9"]
[EventCountry "GER"]
[SourceTitle "EXT 2022"]
[Source "ChessBase"]
[SourceDate "2021.10.06"]
[SourceVersion "1"]
[SourceVersionDate "2021.10.06"]
[SourceQuality "1"]
[WhiteTeam "Erlangen Siemens"]
[BlackTeam "Nuernberg Sued SW IV"]
[WhiteTeamCountry "GER"]
[BlackTeamCountry "GER"]

1. c4 c6 2. Nc3 Nf6 3. g3 d5 4. cxd5 cxd5 5. Nf3 Nc6 6. d4 a6 7. Bg2 e6 8. 0-0 Bd6 9. a3 0-0 10. Bg5 h6 11. Bxf6 Qxf6 12. Na4 Bc7 13. Rc1 Qe7 14. Nc5 Na5 15. b4 Nc4 16. Qb3 b6 17. Nd3 Bb7 18. Nb2 Nxb2 19. Qxb2 Bd6 20. Ne5 Rfc8 21. Nd3 Rxc1 22. Rxc1 Qe8 23. e3 Rc8 24. Bf1 Rxc1 25. Qxc1 Qb8 26. Qc3 Qc7 27. Qxc7 Bxc7 28. a4 Bc6 29. Nb2 Bd6 30. b5 axb5 31. Bxb5 Bb7 32. Nd3 f6 33. f4 Kf7 34. Kf2 Ke7 35. Kf3 f5 36. h3 h5 37. g4 hxg4+ 38. hxg4 g6 39. Ne5 Bxe5 40. fxe5 g5 41. Bd3 Bc8 1/2-1/2

[Event "Mittelfranken-chTB1 1415"]
[Site "Mittelfranken"]
[Date "2015.03.22"]
[Round "8.2"]
[White "Poelsterl, Hans"]
[Black "Hennig, Andreas"]
[Result "1/2-1/2"]
[WhiteElo "1870"]
[BlackElo "1810"]
[PlyCount "53"]
[EventDate "2014.09.29"]
[EventType "team-tourn"]
[EventRounds "9"]
[EventCountry "GER"]
[SourceTitle "EXT 2020"]
[Source "ChessBase"]
[SourceDate "2019.10.17"]
[SourceVersion "1"]
[SourceVersionDate "2019.10.17"]
[SourceQuality "1"]
[WhiteTeam "Siemens Erlangen"]
[BlackTeam "Nuernberg SK 1911 II"]
[WhiteTeamCountry "GER"]
[BlackTeamCountry "GER"]

1. c4 e6 2. Nf3 Nf6 3. g3 d5 4. Bg2 c5 5. cxd5 exd5 6. 0-0 Nc6 7. d3 Be7 8. Nbd2 Bf5 9. Re1 0-0 10. Qb3 Qd7 11. e4 Be6 12. Ng5 Nd4 13. Qd1 Qb5 14. Nxe6 fxe6 15. exd5 Qxd3 16. Nb3 Qxd1 17. Rxd1 Nc2 18. Rb1 Rad8 19. d6 Bxd6 20. Bxb7 Ng4 21. Bg5 Nxf2 22. Bxd8 Nxd1 23. Ba5 c4 24. Rxd1 cxb3 25. axb3 Bc5+ 26. Kh1 Ne3 27. Rd8 1/2-1/2

[Event "Forchheim op-A 13th"]
[Site "Forchheim"]
[Date "2014.10.04"]
[Round "4"]
[White "Poelsterl, Hans"]
[Black "Fluechter, Gregor"]
[Result "0-1"]
[WhiteElo "1973"]
[BlackElo "2155"]
[PlyCount "114"]
[EventDate "2014.10.03"]
[EventType "swiss"]
[EventRounds "5"]
[EventCountry "GER"]
[SourceTitle "EXT 2019"]
[Source "ChessBase"]
[SourceDate "2018.10.10"]
[SourceVersion "1"]
[SourceVersionDate "2018.10.10"]
[SourceQuality "1"]

1. c4 c6 2. Nc3 Nf6 3. e4 d6 4. g3 g6 5. Bg2 Bg7 6. Nge2 0-0 7. d3 e5 8. h3 c5 9. Bg5 h6 10. Be3 Nc6 11. Qd2 Kh7 12. f4 Ng8 13. g4 f5 14. gxf5 gxf5 15. 0-0-0 Nd4 16. Ng3 Qh4 17. Nxf5 Nxf5 18. exf5 Ne7 19. Rdf1 Nxf5 20. Be4 Be6 21. Rhg1 Kh8 22. Rg4 Qxh3 23. Rfg1 Rg8 24. Bf2 Bf6 25. Rg6 Raf8 26. Nd5 Bxd5 27. Bxf5 Qh2 28. cxd5 exf4 29. Rxg8+ Rxg8 30. Rxg8+ Kxg8 31. Be1 Qg1 32. Kc2 f3 33. Qf2 Qg2 34. Be4 Bh4 35. Qxg2+ fxg2 36. Bxg2 Bxe1 37. Bf3 Kf7 38. Kb3 Kg6 39. Kc4 h5 40. Kb5 h4 41. Bg2 Kf5 42. a4 Ke5 43. Kc4 Bf2 44. Bh3 Kf4 45. Bg2 Kg3 46. Be4 h3 47. Kb5 h2 48. a5 Bd4 49. b3 Kf2 50. Kc4 Kg1 51. b4 h1Q 52. Bxh1 Kxh1 53. bxc5 Bxc5 54. d4 Ba3 55. Kb5 Kg2 56. a6 bxa6+ 57. Kxa6 Kf3 0-1

[Event "Forchheim op-A 13th"]
[Site "Forchheim"]
[Date "2014.10.03"]
[Round "2"]
[White "Poelsterl, Hans"]
[Black "Tassell, Pierre"]
[Result "1/2-1/2"]
[WhiteElo "1973"]
[BlackElo "2041"]
[PlyCount "125"]
[EventDate "2014.10.03"]
[EventType "swiss"]
[EventRounds "5"]
[EventCountry "GER"]
[SourceTitle "EXT 2019"]
[Source "ChessBase"]
[SourceDate "2018.10.10"]
[SourceVersion "1"]
[SourceVersionDate "2018.10.10"]
[SourceQuality "1"]

1. c4 c5 2. Nc3 g6 3. e4 Bg7 4. g3 Nc6 5. Bg2 d6 6. Nge2 e5 7. d3 Nge7 8. Bg5 h6 9. Be3 0-0 10. Qd2 Kh7 11. f4 exf4 12. gxf4 Nd4 13. 0-0-0 Rb8 14. Rdf1 f5 15. h4 a6 16. h5 gxh5 17. Rxh5 b5 18. Bxd4 cxd4 19. Nd5 bxc4 20. dxc4 Nxd5 21. exd5 d3 22. Nc3 Qb6 23. Re1 Qd4 24. Rh3 Qxc4 25. Rxd3 Bd7 26. Re7 Be8 27. Bf1 Rf7 28. Rf3 Bxc3 29. bxc3 Qc5 30. Rxf7+ Bxf7 31. c4 Qb4 32. Qxb4 Rxb4 33. Bd3 Kg6 34. Kc2 Rb8 35. Kc3 Kf6 36. Rh3 h5 37. Be2 Rh8 38. Kd4 Re8 39. Bf3 a5 40. Rh1 Rb8 41. Bxh5 Bxh5 42. Rxh5 Rb2 43. Rh6+ Ke7 44. Re6+ Kd7 45. Rf6 Rxa2 46. Rxf5 a4 47. Rf7+ Ke8 48. Ra7 Ra1 49. Kc3 a3 50. Kb3 Rb1+ 51. Kc2 Rf1 52. Rxa3 Rxf4 53. Kc3 Rf1 54. Kb4 Rb1+ 55. Rb3 Rc1 56. Kb5 Kd7 57. Rh3 Rb1+ 58. Ka4 Ra1+ 59. Kb3 Rb1+ 60. Kc2 Rg1 61. Rh7+ Kd8 62. Kb3 Rb1+ 63. Kc2 1/2-1/2

[Event "Mittelfranken-chTB2b 1314"]
[Site "Mittelfranken"]
[Date "2014.05.04"]
[Round "9.3"]
[White "Poelsterl, Hans"]
[Black "Kramer, Manuel"]
[Result "0-1"]
[WhiteElo "1870"]
[BlackElo "1851"]
[PlyCount "126"]
[EventDate "2013.10.20"]
[EventType "team-tourn"]
[EventRounds "9"]
[EventCountry "GER"]
[SourceTitle "EXT 2020"]
[Source "ChessBase"]
[SourceDate "2019.10.17"]
[SourceVersion "1"]
[SourceVersionDate "2019.10.17"]
[SourceQuality "1"]
[WhiteTeam "Siemens Erlangen"]
[BlackTeam "Bubenreuth/Moehrendorf"]
[WhiteTeamCountry "GER"]
[BlackTeamCountry "GER"]

1. c4 c5 2. Nc3 Nf6 3. g3 g6 4. Bg2 Bg7 5. e4 Nc6 6. Nge2 0-0 7. d3 d6 8. h3 a6 9. Be3 Bd7 10. 0-0 Rb8 11. Qd2 Re8 12. Rad1 b5 13. b3 bxc4 14. dxc4 Qa5 15. f4 Red8 16. g4 Bh8 17. f5 Ne5 18. Bh6 Re8 19. Bf4 Nc6 20. Bf3 Red8 21. Kh2 Ne8 22. Bg5 Nf6 23. Nd5 Qxd2 24. Rxd2 Be8 25. Rfd1 Nxd5 26. exd5 Ne5 27. Be4 Rd7 28. Rf1 a5 29. Bc2 Ra7 30. Ng3 Bg7 31. Bxe7 Rxe7 32. Ne4 Rd7 33. f6 Bf8 34. g5 Ra7 35. a4 Bd7 36. Nc3 Re8 37. Kg3 Rb7 38. Rf4 Bf5 39. Bxf5 Rxb3 40. Rc2 gxf5 41. Kh2 Ng6 42. Rxf5 Re3 43. Ne2 Rxh3+ 44. Kg1 Nh4 45. Rf4 Nf3+ 46. Kf2 Rh2+ 47. Kg3 Rxe2 48. Rxe2 Nd4+ 49. Kf2 Nxe2 50. Kxe2 Rb4 51. Re4 Rxa4 52. Kd3 Rb4 53. Re8 Rb3+ 54. Kc2 Rg3 55. Ra8 Rxg5 56. Rxa5 Rf5 57. Kd3 Rxf6 58. Ke4 h5 59. Ra3 Rh6 60. Rg3+ Bg7 61. Kf5 h4 62. Rh3 Bf6 63. Kg4 Kg7 0-1

[Event "Mittelfranken-chTB2b 1314"]
[Site "Mittelfranken"]
[Date "2014.02.16"]
[Round "6.2"]
[White "Poelsterl, Hans"]
[Black "Walter, Eugen"]
[Result "1-0"]
[WhiteElo "1870"]
[BlackElo "1768"]
[PlyCount "65"]
[EventDate "2013.10.20"]
[EventType "team-tourn"]
[EventRounds "9"]
[EventCountry "GER"]
[SourceTitle "EXT 2020"]
[Source "ChessBase"]
[SourceDate "2019.10.17"]
[SourceVersion "1"]
[SourceVersionDate "2019.10.17"]
[SourceQuality "1"]
[WhiteTeam "Siemens Erlangen"]
[BlackTeam "Forchheim III"]
[WhiteTeamCountry "GER"]
[BlackTeamCountry "GER"]

1. c4 f5 2. Nc3 d6 3. g3 g6 4. Bg2 Bg7 5. Nf3 c6 6. 0-0 Nh6 7. d3 0-0 8. Rb1 Nf7 9. Qc2 e5 10. b4 Be6 11. b5 d5 12. bxc6 bxc6 13. cxd5 cxd5 14. Ba3 Re8 15. e4 dxe4 16. dxe4 Nd7 17. Rfd1 Rc8 18. Qd3 Qf6 19. Nd5 Bxd5 20. Qxd5 Nb6 21. Qb7 Nc4 22. Qb3 f4 23. Rd7 g5 24. Bf1 Nxa3 25. Qxa3 Qc6 26. Qxa7 Qf6 27. Rb6 Re6 28. Rxe6 Qxe6 29. Nxg5 Nxg5 30. Rxg7+ Kf8 31. Rxg5 fxg3 32. Qg7+ Ke8 33. Rxe5 1-0

[Event "Mittelfranken-chTB2b 1314"]
[Site "Mittelfranken"]
[Date "2014.01.26"]
[Round "5.3"]
[White "Wegmann, Wolfgang"]
[Black "Poelsterl, Hans"]
[Result "1/2-1/2"]
[WhiteElo "1907"]
[BlackElo "1870"]
[PlyCount "67"]
[EventDate "2013.10.20"]
[EventType "team-tourn"]
[EventRounds "9"]
[EventCountry "GER"]
[SourceTitle "EXT 2020"]
[Source "ChessBase"]
[SourceDate "2019.10.17"]
[SourceVersion "1"]
[SourceVersionDate "2019.10.17"]
[SourceQuality "1"]
[WhiteTeam "Heideck/Hilpoltstein"]
[BlackTeam "Siemens Erlangen"]
[WhiteTeamCountry "GER"]
[BlackTeamCountry "GER"]

1. c4 Nf6 2. Nc3 d6 3. g3 g6 4. Bg2 Bg7 5. d3 0-0 6. e4 e5 7. Nge2 Nbd7 8. 0-0 Nc5 9. b4 Ne6 10. Nd5 c6 11. Nxf6+ Qxf6 12. Rb1 Qe7 13. a4 a5 14. b5 Bd7 15. Be3 Nc5 16. Nc3 f5 17. d4 Nxe4 18. Nxe4 fxe4 19. d5 c5 20. Bxe4 Bh3 21. Bg2 Bf5 22. Rc1 Qd7 23. Qd2 Rf7 24. f4 exf4 25. Bxf4 b6 26. Rce1 Re7 27. Rxe7 Qxe7 28. Re1 Qf6 29. Kh1 h5 30. h4 Kh7 31. Kh2 Ra7 32. Bh3 Bxh3 33. Kxh3 Re7 34. Rxe7 1/2-1/2

[Event "Mittelfranken-chTB2b 1314"]
[Site "Mittelfranken"]
[Date "2014.01.12"]
[Round "4.3"]
[White "Poelsterl, Hans"]
[Black "Traut, Gerhard"]
[Result "1-0"]
[WhiteElo "1870"]
[BlackElo "1797"]
[PlyCount "87"]
[EventDate "2013.10.20"]
[EventType "team-tourn"]
[EventRounds "9"]
[EventCountry "GER"]
[SourceTitle "EXT 2020"]
[Source "ChessBase"]
[SourceDate "2019.10.17"]
[SourceVersion "1"]
[SourceVersionDate "2019.10.17"]
[SourceQuality "1"]
[WhiteTeam "Siemens Erlangen"]
[BlackTeam "Uttenreuth"]
[WhiteTeamCountry "GER"]
[BlackTeamCountry "GER"]

1. Nf3 c5 2. d3 Nc6 3. g3 g6 4. Bg2 Bg7 5. 0-0 Nf6 6. Nbd2 0-0 7. c3 e5 8. e4 d6 9. a4 h6 10. Nc4 Be6 11. Qc2 b6 12. h3 Qc7 13. Nh4 a6 14. f4 b5 15. axb5 axb5 16. Rxa8 Rxa8 17. Ne3 Na5 18. Nd5 Bxd5 19. exd5 exf4 20. gxf4 Nh5 21. f5 Qe7 22. Nf3 Ng3 23. Re1 Qf6 24. fxg6 Qxg6 25. Bf4 Nf5 26. Ra1 Ra7 27. Qe2 Re7 28. Qf2 Nb3 29. Ra8+ Kh7 30. Nh4 Nxh4 31. Qxh4 Bf6 32. Qg3 Qxg3 33. Bxg3 Be5 34. Bxe5 Rxe5 35. Rd8 Nc1 36. Rxd6 Nxd3 37. Rd8 Re1+ 38. Bf1 Nxb2 39. Kf2 Rc1 40. Bxb5 Rxc3 41. d6 c4 42. Rc8 Nd3+ 43. Ke3 Nb2+ 44. Ke4 1-0

[Event "Erfurt op HT 23rd"]
[Site "Erfurt"]
[Date "2013.12.29"]
[Round "7"]
[White "Langer, Simon"]
[Black "Poelsterl, Hans"]
[Result "0-1"]
[WhiteElo "1778"]
[BlackElo "1935"]
[PlyCount "80"]
[EventDate "2013.12.26"]
[EventType "swiss"]
[EventRounds "8"]
[EventCountry "GER"]
[SourceTitle "EXT 2016"]
[Source "ChessBase"]
[SourceDate "2015.10.08"]
[SourceVersion "1"]
[SourceVersionDate "2015.10.08"]
[SourceQuality "1"]

1. e4 c6 2. Nc3 g6 3. d4 Bg7 4. f4 d6 5. Nf3 Nf6 6. e5 dxe5 7. fxe5 Nd5 8. Nxd5 cxd5 9. Bd3 Nc6 10. c3 0-0 11. Be3 a6 12. 0-0 b5 13. Qd2 Bg4 14. h3 Bxf3 15. Rxf3 f6 16. exf6 Rxf6 17. Bf4 Qd7 18. Be2 Raf8 19. a4 b4 20. Bg3 Na5 21. Rxf6 Bxf6 22. Bg4 Qc6 23. Qe3 bxc3 24. bxc3 Rd8 25. Qe6+ Qxe6 26. Bxe6+ Kg7 27. Bc7 Nb3 28. Rb1 Nxd4 29. cxd4 Bxd4+ 30. Kh2 Rf8 31. Rd1 Be3 32. Be5+ Kh6 33. Rxd5 Rf1 34. Kg3 g5 35. Rd8 Bf2+ 36. Kg4 Re1 37. Rd5 Bd4 38. Bxd4 Rxe6 39. Kf5 Re2 40. g4 e6+ 0-1

[Event "Mittelfranken-chTB2b 1314"]
[Site "Mittelfranken"]
[Date "2013.11.17"]
[Round "2.2"]
[White "Simon, Martin"]
[Black "Poelsterl, Hans"]
[Result "0-1"]
[WhiteElo "1898"]
[BlackElo "1870"]
[PlyCount "148"]
[EventDate "2013.10.20"]
[EventType "team-tourn"]
[EventRounds "9"]
[EventCountry "GER"]
[SourceTitle "EXT 2020"]
[Source "ChessBase"]
[SourceDate "2019.10.17"]
[SourceVersion "1"]
[SourceVersionDate "2019.10.17"]
[SourceQuality "1"]
[WhiteTeam "Neumarkt"]
[BlackTeam "Siemens Erlangen"]
[WhiteTeamCountry "GER"]
[BlackTeamCountry "GER"]

1. e4 c6 2. d4 d6 3. c4 Nf6 4. Nc3 g6 5. Nf3 Bg7 6. Be2 0-0 7. 0-0 Bg4 8. h3 Bxf3 9. Bxf3 Nbd7 10. Be3 e5 11. d5 c5 12. Qd2 a6 13. Bh6 Rb8 14. Be2 b5 15. Bxg7 Kxg7 16. cxb5 axb5 17. Bxb5 Nxe4 18. Nxe4 Rxb5 19. Nxd6 Rb4 20. Qc3 Rd4 21. Rad1 Qb6 22. Nc4 Qa6 23. Ne3 Rb8 24. Ra1 Qe2 25. b3 Ra8 26. a3 Rb8 27. Rfe1 Qb5 28. a4 Qxb3 29. Qxb3 Rxb3 30. a5 Rb7 31. a6 Ra7 32. Reb1 Kf6 33. Rb7 Rxb7 34. axb7 Rb4 35. Ra7 Rb1+ 36. Kh2 Ke7 37. Nc4 f6 38. Na5 Kd6 39. Ra8 Kxd5 40. Rc8 Rb5 41. Rd8 Kd6 42. Kg3 f5 43. Kf3 Kc7 44. Rc8+ Kd6 45. Rd8 Ke6 46. Re8+ Kf6 47. Rd8 Rxa5 48. Rxd7 Rb5 49. Rxh7 Rb3+ 50. Ke2 Ke6 51. Rc7 Kd5 52. Rg7 Kd4 53. Rxg6 Rb2+ 54. Kd1 Rxb7 55. Kc2 Ra7 56. Rd6+ Ke4 57. Kb3 Rg7 58. g3 Kf3 59. Rd2 e4 60. Kc4 Rc7 61. h4 Rc8 62. h5 Rh8 63. Kxc5 Rxh5 64. Kd4 Rh2 65. Ke5 Rxf2 66. Rxf2+ Kxf2 67. Kxf5 e3 68. g4 e2 69. g5 e1Q 70. Kf6 Qe8 71. Kg7 Kg3 72. g6 Kg4 73. Kh7 Kh5 74. g7 Qg6+ 0-1

[Event "Mittelfranken-chTB2b 1314"]
[Site "Mittelfranken"]
[Date "2013.10.20"]
[Round "1.3"]
[White "Bayer, Marius"]
[Black "Poelsterl, Hans"]
[Result "0-1"]
[WhiteElo "1938"]
[BlackElo "1870"]
[PlyCount "82"]
[EventDate "2013.10.20"]
[EventType "team-tourn"]
[EventRounds "9"]
[EventCountry "GER"]
[SourceTitle "EXT 2020"]
[Source "ChessBase"]
[SourceDate "2019.10.17"]
[SourceVersion "1"]
[SourceVersionDate "2019.10.17"]
[SourceQuality "1"]
[WhiteTeam "Lauf SV"]
[BlackTeam "Siemens Erlangen"]
[WhiteTeamCountry "GER"]
[BlackTeamCountry "GER"]

1. d4 Nf6 2. Nf3 d6 3. Nc3 g6 4. e4 Bg7 5. Bc4 0-0 6. Qe2 c6 7. e5 dxe5 8. dxe5 Nd5 9. Bd2 Bg4 10. 0-0-0 e6 11. h3 Bxf3 12. gxf3 Nd7 13. f4 Qh4 14. Qg4 Qxg4 15. hxg4 a6 16. Rh3 Rfc8 17. Ne4 b5 18. Be2 c5 19. Nd6 Rc6 20. Bf3 Rb8 21. Be1 N7b6 22. Ba5 Nxf4 23. Rxh7 Nfd5 24. Rdh1 Bxe5 25. Bc3 Bf4+ 26. Kb1 Nxc3+ 27. bxc3 Rxd6 28. Rh8+ Kg7 29. Rxb8 Nc4 30. Ka1 Be5 31. Bg2 Rd2 32. Rb7 Bxc3+ 33. Kb1 Na3+ 34. Kc1 Rxc2+ 35. Kd1 Rd2+ 36. Kc1 Nc4 37. a3 Bb2+ 38. Kb1 Nxa3+ 39. Ka2 c4 40. Bc6 Bd4+ 41. Kxa3 Bc5# 0-1

[Event "Mittelfranken-chTB2b 1213"]
[Site "Germany"]
[Date "2012.10.21"]
[Round "2.3"]
[White "Muskat, Gunter"]
[Black "Poelsterl, Hans"]
[Result "1-0"]
[WhiteElo "1876"]
[BlackElo "1871"]
[PlyCount "129"]
[EventDate "2012.10.07"]
[EventType "team-tourn"]
[EventRounds "9"]
[EventCountry "GER"]
[SourceTitle "EXT 2019"]
[Source "ChessBase"]
[SourceDate "2018.10.10"]
[SourceVersion "1"]
[SourceVersionDate "2018.10.10"]
[SourceQuality "1"]
[WhiteTeam "Buechenbach/Roth II"]
[BlackTeam "Erlangen Siemens"]
[WhiteTeamCountry "GER"]
[BlackTeamCountry "GER"]

1. c4 Nf6 2. g3 g6 3. Bg2 Bg7 4. Nc3 d6 5. e4 0-0 6. Nge2 e5 7. 0-0 Be6 8. d3 Na6 9. h3 Qd7 10. Kh2 c6 11. Bg5 h6 12. Be3 d5 13. exd5 cxd5 14. d4 exd4 15. Nxd4 Nc7 16. Nxe6 fxe6 17. Qd3 Qf7 18. Rad1 a6 19. Bb6 dxc4 20. Qxc4 Ncd5 21. Nxd5 exd5 22. Rxd5 Rac8 23. Qb3 Kh8 24. Rd3 Qe7 25. Ba5 Qe2 26. Bb4 Rfe8 27. Rf3 Qc4 28. Qxc4 Rxc4 29. Bc3 Rf8 30. Re1 Rc7 31. Re6 Rcf7 32. Rfe3 Rd7 33. Re7 Rf7 34. Rxd7 Rxd7 35. Re6 Rf7 36. Rb6 Nh5 37. Bxg7+ Kxg7 38. Rxb7 Rxb7 39. Bxb7 a5 40. Kg2 Nf6 41. Bc6 Kf7 42. Kf3 Ke6 43. h4 Kd6 44. Bb5 g5 45. hxg5 hxg5 46. Bd3 Ke5 47. Bc2 Nd5 48. Kg4 Kf6 49. Bb3 Nb4 50. Bc4 Nc6 51. f4 gxf4 52. Kxf4 Nb4 53. g4 Nc6 54. g5+ Kg6 55. Bd3+ Kg7 56. g6 Nb4 57. Bb1 Nd5+ 58. Ke5 Nb6 59. Kd4 Na4 60. b3 Nb2 61. Kc5 Nd1 62. a4 Nc3 63. Bc2 Na2 64. Kb6 Nb4 65. Bb1 1-0

[Event "Mittelfranken-chTB2b 1112"]
[Site "Germany"]
[Date "2012.02.05"]
[Round "6.2"]
[White "Poelsterl, Hans"]
[Black "Sattler, Stefan"]
[Result "0-1"]
[WhiteElo "1924"]
[BlackElo "2029"]
[PlyCount "72"]
[EventDate "2011.09.25"]
[EventType "team-tourn"]
[EventRounds "9"]
[EventCountry "GER"]
[SourceTitle "EXT 2013"]
[Source "ChessBase"]
[SourceDate "2012.11.22"]
[SourceVersion "1"]
[SourceVersionDate "2012.11.22"]
[SourceQuality "1"]
[WhiteTeam "Erlangen Siemens"]
[BlackTeam "Herzogenaurach"]
[WhiteTeamCountry "GER"]
[BlackTeamCountry "GER"]

1. Nf3 d5 2. d3 Nc6 3. g3 e5 4. Bg2 Nf6 5. 0-0 Be7 6. Nbd2 0-0 7. e4 dxe4 8. dxe4 h6 9. c3 Be6 10. Qc2 Qd7 11. Re1 a5 12. Nf1 Rfd8 13. Be3 Qd3 14. Qxd3 Rxd3 15. h3 Nd7 16. N1d2 Nf8 17. Bf1 Rd7 18. Kg2 f6 19. Nb3 b6 20. Bb5 Rd6 21. Nc5 bxc5 22. Bxc5 Rdd8 23. Bxc6 Bxc5 24. Bxa8 Rxa8 25. b3 Nd7 26. Nh4 Bf8 27. Nf5 a4 28. Rab1 axb3 29. axb3 Nc5 30. b4 Nxe4 31. Ne3 Ra2 32. c4 Rxf2+ 33. Kg1 Bxh3 34. c5 f5 35. Rbc1 f4 36. gxf4 exf4 0-1

[Event "Mittelfranken-chTB2b 1112"]
[Site "Germany"]
[Date "2011.11.20"]
[Round "3.2"]
[White "Poelsterl, Hans"]
[Black "Mehwald, Thomas"]
[Result "0-1"]
[WhiteElo "1924"]
[BlackElo "2007"]
[PlyCount "106"]
[EventDate "2011.09.25"]
[EventType "team-tourn"]
[EventRounds "9"]
[EventCountry "GER"]
[SourceTitle "EXT 2013"]
[Source "ChessBase"]
[SourceDate "2012.11.22"]
[SourceVersion "1"]
[SourceVersionDate "2012.11.22"]
[SourceQuality "1"]
[WhiteTeam "Erlangen Siemens"]
[BlackTeam "Muehlhof/Schwabach"]
[WhiteTeamCountry "GER"]
[BlackTeamCountry "GER"]

1. c4 e5 2. Nc3 Nc6 3. g3 d6 4. Bg2 g6 5. Nf3 Bg7 6. d3 Be6 7. Bg5 Qd7 8. Nd5 h6 9. Bd2 Nf6 10. e4 Nd8 11. Qc1 Ng8 12. 0-0 c6 13. Ne3 Ne7 14. Bc3 f5 15. c5 Nf7 16. cxd6 Qxd6 17. Qc2 0-0 18. Nc4 Qc7 19. Ba5 b6 20. Bb4 c5 21. Ne3 Rad8 22. Bc3 Rd7 23. Nh4 Nd6 24. f4 Nb5 25. Bxe5 Bxe5 26. fxe5 Qxe5 27. Nd5 Bxd5 28. exd5 Kh7 29. Rae1 Qd4+ 30. Kh1 Nxd5 31. Nf3 Qg7 32. Qc4 Ndc7 33. Qh4 Nd4 34. Ne5 Rd6 35. g4 Re6 36. Nc4 fxg4 37. Qxg4 Rxe1 38. Rxe1 Ne8 39. Be4 Nf6 40. Bxg6+ Qxg6 41. Re7+ Qf7 42. Rxf7+ Rxf7 43. Ne5 Nxg4 44. Nxf7 Nf2+ 45. Kg2 Nxd3 46. Nd6 Nxb2 47. Kf2 Nd3+ 48. Ke3 Nb4 49. Nc8 Ndc6 50. a4 Kg7 51. Ke4 Kf6 52. h4 Ke6 53. h5 Nd5 0-1